000 00976cad a22002295a 4500
001 L152980
008 110519s2011 xxk f 000 0 eng d
035 _a(Sirsi) u152980
041 0 _aeng
110 2 _aUnited Kingdom
_kLaws, etc.
_95044
245 0 0 _aProtection of Freedoms Bill 2010-11
260 _aLondon
_bTSO
_c2011
520 _aA wide range of proposed measures include regulation of biometric data and surveillance, prohibition of wheel clamping of vehicles on private land, counter-terrorism powers and amending Freedom of Information Act 2000 and Data Protection Act 1984.
590 _aKA
650 2 4 _aFREEDOM OF INFORMATION ACT 2000
650 2 4 _aPROTECTION OF FREEDOMS BILL 2010-11
650 2 4 _aDATA PROTECTION ACT 1984
651 4 _aUNITED KINGDOM
690 _aBlock management
_96220
856 4 0 _uhttps://services.parliament.uk/bills/2010-11/protectionoffreedoms.html
_zView the item free of charge at www.services.parliament.uk
942 _n0
999 _c112305
_d112305